000 01652nam a22003611 4500
001 20876
003 CZ PrNK
005 20260206120210.0
007 ta
008 980224s1959 xr 000 0 cze
015 _acnb000258404
020 _q(Brož.)
035 _a(OCoLC)85197998
040 _aABA001
_bcze
_cULG001
_dABA001
041 1 _acze
_hfre
080 _a840-311.2:840-391
_2undef
100 1 _aBédier, Joseph,
_d1864-1938
_4aut
245 1 0 _aRomán o Tristanovi a Isoldě /
_c[autor:] Joseph Bédier ; z franc. orig. Le Roman de Tristan et Iseut přel. Eva Musilová ; předmluva: Eva Uhlířová ; úvod Gastona Parise
250 _a3. vyd., v SNKLHU 1. vyd.
260 _aPraha :
_bSNKLHU,
_c1959
_f(Mír 01)
300 _a191, [3] s. ;
_c
490 1 _aSvětová četba ;
_vSv. 207
500 _a17000 výt.
500 _aŽivotopisná pozn. o autorovi
520 _aZpracování prastaré keltské pověsti o věčné lásce, která rozbíjí všechny předsudky i středověkou nerozlučitelnost manželství. Autor pronikl dlouhými studiemi i básnickou fantazií do tragického jádra příběhu spočívajícího v protikladu lásky a utrpení a konfliktu povinnosti a touhy po plném citovém životě.
700 1 _aUhlířová, Eva,
_d1933-1969
_4aui
700 1 _aParis, Gaston,
_d1839-1903
_4aui
700 1 _aMusilová, Eva,
_d1925-2009
_4trl
830 0 _aSvětová četba (Státní nakladatelství krásné literatury, hudby a umění)
856 4 1 _uhttp://krameriusndk.nkp.cz/search/handle/uuid:c3d8a610-71de-11e2-97be-005056827e52
_yDigitalizovaný dokument
910 _aABA001
942 _2ddc
_cKLDO
_n0
999 _c20876
_d20876